Señales del Reino de Dios (Registro nro. 51934)
[ vista simple ]
| 000 -LÍDER | |
|---|---|
| Campo fijo de descripción fija | 00993aab a2200193 i 4500 |
| 001 - NÚMERO DE CONTROL | |
| Campo de control | 768714001 |
| 003 - IDENTIFICADOR DEL NÚMERO DE CONTROL | |
| Campo de control | CO-MdFUSB |
| 005 - FECHA Y HORA DE LA ULTIMA TRANSACCIÓN | |
| control field | 20240422115515.0 |
| 008 - ELEMENTOS DE LONGITUD FIJA -- INFORMACIÓN GENERAL | |
| Campo fijo de descripción fija -- Información general | 240408t1991 ag ||||| |||| 00| 0 spa d |
| 040 ## - FUENTE DE CATALOGACIÓN | |
| Idioma de catalogación | spa |
| Agencia que realiza la transcripción | CO-MdFUSB |
| 041 ## - CÓDIGO DE IDIOMA | |
| Código de idioma para texto/pista de sonido o título separado | spa |
| 100 1# - ASIENTO PRINCIPAL--NOMBRE PERSONAL | |
| Nombre personal | Padilla, C. René |
| Término relacionador | autor |
| 245 ## - TÍTULO | |
| Título | Señales del Reino de Dios |
| Mención de responsabilidad | / C. René Padilla |
| 300 ## - DESCRIPCIÓN FÍSICA | |
| Extensión | Volumen 10, número 4 (octubre - diciembre, 1991), páginas: 4 - 5 |
| Dimensiones | ; 27 cm |
| 520 ## - NOTA DE RESUMEN, ETC. | |
| Nota de sumario, etc. | Un llamado a reflexionar sobre las diferencias significativas en la sociedad, que se reflejan en el panorama socioeconómico y político. Como seguidores de Jesús que vinieron a servir, no se puede pasar por alto las terribles circunstancias de muchos de los conciudadanos. Se debe aceptar que a los cristianos, este tema los afecta directamente. |
| 650 #0 - ASIENTO SECUNDARIO DE MATERIA - TERMINO TEMÁTICO | |
| Término temático o nombre geográfico como elemento de entrada | Iglesia y problemas mundiales |
| 9 (RLIN) | 912 |
| 773 0# - ASIENTO DE ITEM FUENTE | |
| Título | Iglesia y Misión |
| Biblionumber | 49402 |
| Itemnumber | 59664 |
| Parte(s) relacionada(s) / Volumen., número. (mes año), páginas | Volumen 10, número 4 (octubre - diciembre, 1991), páginas: 4 - 5 |
| Enumeración y primera página | página: 4 |
| 942 ## - TIPO DE MATERIAL (KOHA) | |
| Tipo de Item KOHA | Artículos de Revista |
No hay ítems disponibles.
